The story of oil /

Bibliographic Details
Main Author: Tower, Walter Sheldon, 1881-
Format: Book
Language:English
Published: New York : D. Appleton and company, 1909.
Subjects:

MARC

Tag First Indicator Second Indicator Subfields
LEADER 00000cam a2200000 4500
001 in00000052286
005 20151007070049.0
008 730316s1909 nyua 00000 eng
010 |a  09016457  
035 |a (OCoLC)00582375 
035 |9 AAE3268AM 
040 |a DLC  |c KSU  |d TXA  |d UtOrBLW 
049 |a TXAM  |c [802] 
050 0 0 |a TN870  |b .T8 
092 |a 553.28  |b T738s 
100 1 |a Tower, Walter Sheldon,  |d 1881- 
245 1 4 |a The story of oil /  |c by Walter Sheldon Tower ... 
264 1 |a New York :  |b D. Appleton and company,  |c 1909. 
300 |a 270 pages :  |b frontispiece, illustrations ;  |c 20 cm. 
336 |a text  |b txt  |2 rdacontent 
337 |a unmediated  |b n  |2 rdamedia 
338 |a volume  |b nc  |2 rdacarrier 
650 0 |a Petroleum. 
999 |a MARS 
999 f f |s e4b9acbc-5407-3053-b803-1b97c5d05ea7  |i 208a9889-e9cb-331f-9a8e-2a313c87df40  |t 0 
952 f f |p normal  |a Texas A&M University  |b College Station  |c Sterling C. Evans Library  |d Evans: Library Stacks  |t 0  |e TN870 .T8  |h Library of Congress classification  |i unmediated -- volume  |m A14800958577 
998 f f |a TN870 .T8  |t 0  |l Evans: Library Stacks